LEADER 01285nam0-2200337---450- 001 990009453100403321 005 20111017124505.0 035 $a000945310 035 $aFED01000945310 035 $a(Aleph)000945310FED01 035 $a000945310 100 $a20111017d2005----km-y0itay50------ba 101 1 $aita 102 $aIT 105 $ay-------001yy 200 1 $aAtlante di anatomia chirurgica delle principali vie d'accesso in chirurgia osteo-articolare nel cane$fFrederic Cossu, Oliver Gauthier, Claude Guintard$gprefazione Loic Dejardin 210 $aMilano$cLe Point Veterinaire Italie$dstampa 2005 215 $a155 p.$cill.$d27 cm 454 0$1Atlas d'anatomie chirurgicale des principales voies d'abord en chirurgie ostéo-articulaire chez le chien$12001 517 1 $aAtlante : *Vie d'accesso in chirurgia osteo-articolare nel cane 700 1$aCossu,$bFrédéric$0513536 701 1$aGauthier,$bOlivier$0513537 701 1$aGuintard,$bClaude$0513538 702 1$aDéjardin,$bLoïc 801 0$aIT$bUNINA$gRICA$2UNIMARC 901 $aBK 912 $a990009453100403321 952 $aF219$fDMVCC 959 $aDMVCC 996 $aAtlante di anatomia chirurgica delle principali vie d'accesso in chirurgia osteo-articolare nel cane$9761286 997 $aUNINA